Normal view
MARC view
- Kishwar Sameen Gulzar.
Entry Personal Name
001 - CONTROL NUMBER
- control field: 18845
003 - CONTROL NUMBER IDENTIFIER
- control field: NUST
005 - DATE AND TIME OF LATEST TRANSACTION
- control field: 20190730060136.0
008 - FIXED-LENGTH DATA ELEMENTS
- fixed length control field: 190730|| aca||aabn | a|a d
040 ## - CATALOGING SOURCE
- Original cataloging agency: NUST
- Transcribing agency: NUST
100 ## - HEADING--PERSONAL NAME
- Personal name: Kishwar Sameen Gulzar.
670 ## - SOURCE DATA FOUND
- Source citation: Work cat.: (NUST): Aftab, Faisal 18844, Determining Synthesis of Employee Training Programme with Employee Performance Appraisal System at Harris International /, 2013.
